LEADER 00955nam0-22002771i-450- 001 990002114590403321 005 20120126103928.0 035 $a000211459 035 $aFED01000211459 035 $a(Aleph)000211459FED01 035 $a000211459 100 $a20030910d1999----km-y0itay50------ba 101 0 $aita 102 $aIT 200 1 $aAssemblea generale ordinaria dei partecipanti$etenuta in Roma il giorno 31 maggio 2001$eanno 2000 Centosettesimo esercizio$fBanca d'Italia 210 $aRoma$cCentro stampa della Banca d'Italia$d2001 215 $a3 v.$d30 cm 327 1 $a1.: Relazione del governatore sull'esercizio 2000$a2.: Considerazioni finali$a3.: Appendice 710 02$aBanca d'Italia$072164 801 0$aIT$bUNINA$gRICA$2UNIMARC 901 $aBK 912 $a990002114590403321 952 $a62 06.055.5 (p2) BAN$bDepa/dono$fDAGEA 959 $aDAGEA 996 $aAssemblea Generale Ordinaria dei Partecipanti$9394483 997 $aUNINA LEADER 02414nam 2200589Ia 450 001 9910458361003321 005 20200520144314.0 010 $a1-281-38532-8 010 $a9786611385323 010 $a1-84663-779-1 035 $a(CKB)1000000000400060 035 $a(EBL)348658 035 $a(OCoLC)244482160 035 $a(SSID)ssj0000674709 035 $a(PQKBManifestationID)11444373 035 $a(PQKBTitleCode)TC0000674709 035 $a(PQKBWorkID)10660165 035 $a(PQKB)10325579 035 $a(MiAaPQ)EBC348658 035 $a(Au-PeEL)EBL348658 035 $a(CaPaEBR)ebr10229718 035 $a(CaONFJC)MIL138532 035 $a(EXLCZ)991000000000400060 100 $a20751010d2008 uy 0 101 0 $aeng 135 $aurcn||||||||| 181 $ctxt 182 $cc 183 $acr 200 00$aManagerial finance$hVolume 34, Number 4$iExchange ratios for merging campanies$b[electronic resource] /$fGuest editor: Enrico Moretto 210 $a[Bradford, England] $cEmerald$d2008 215 $a1 online resource (66 p.) 225 0 $aManagerial finance ;$vv. 34, no. 4 300 $aDescription based upon print version of record. 311 $a1-84663-778-3 327 $aCover; CONTENTS; Editorial advisory board; Foreword; A note on mergers and acquisitions; Exchange ratios in a merger with stochastic capital reserves: fair valuation and embedded options; Synergies, shareholder value and exchange ratios in ''value-creating'' mergers; Exchange ratio determination in a market equilibrium; The alchemy of acquisition currency: exclusive advantages of listed companies 330 $aThe aim of this e-book is to contribute filling the gap that exists in the financial literature regarding models for exchange ratio determination in mergers. Essays cover such issues as shareholder value as a result of merging and the advantages of listed companies. 410 0$aManagerial Finance - Volume 34, Edition 4 606 $aBusiness enterprises$xFinance 606 $aCorporations$xFinance 608 $aElectronic books. 615 0$aBusiness enterprises$xFinance. 615 0$aCorporations$xFinance. 676 $a658.162 701 $aMoretto$b Enrico$0382696 801 0$bMiAaPQ 801 1$bMiAaPQ 801 2$bMiAaPQ 906 $aBOOK 912 $a9910458361003321 996 $aManagerial finance$92276736 997 $aUNINA